AMA Education System

English / purposive communication : (Record no. 23658)

MARC details
000 -LEADER
fixed length control field 00543nam a22001817a 4500
003 - CONTROL NUMBER IDENTIFIER
control field OSt
005 - DATE AND TIME OF LATEST TRANSACTION
control field 20250729075210.0
008 - FIXED-LENGTH DATA ELEMENTS--GENERAL INFORMATION
fixed length control field 250729b |||||||| |||| 00| 0 eng d
020 ## - INTERNATIONAL STANDARD BOOK NUMBER
International Standard Book Number 9789719655688
040 ## - CATALOGING SOURCE
Original cataloging agency PH-AMAU
050 ## - LIBRARY OF CONGRESS CALL NUMBER
Classification number P 90
Item number A54 2023
100 ## - MAIN ENTRY--PERSONAL NAME
Personal name Ang, Jaime Gutierrez
Relator term author
245 ## - TITLE STATEMENT
Title English / purposive communication :
Remainder of title a modular approach /
Statement of responsibility, etc. Jaime Gutierrez-Ang
250 ## - EDITION STATEMENT
Edition statement rev. ed.
260 ## - PUBLICATION, DISTRIBUTION, ETC.
Place of publication, distribution, etc. Intramuros, Manila :
Name of publisher, distributor, etc. Mindshapers Co., Inc.,
Date of publication, distribution, etc. 2023.
650 ## - SUBJECT ADDED ENTRY--TOPICAL TERM
Source of heading or term Communication
Topical term or geographic name entry element Communication
942 ## - ADDED ENTRY ELEMENTS (KOHA)
Source of classification or shelving scheme Library of Congress Classification
Koha item type Books
Suppress in OPAC No
Holdings
Withdrawn status Lost status Source of classification or shelving scheme Damaged status Not for loan Home library Current library Shelving location Date acquired Source of acquisition Inventory number Total checkouts Full call number Barcode Date last seen Price effective from Koha item type Public note
    Library of Congress Classification     Main Library Main Library Newly Acquired Section 07/29/2025 Purchased 21916   (Fi) P 90 A54 2023 00000000219162023 07/29/2025 07/29/2025 Books Purchased by the Library, February 2025.
AMA Education System

  All rights Reserved
  AMA Education System
  © 2024

Follow Us

AMA Building 2, 59 Panay Ave., Bgy. Paligsahan, Diliman, Quezon City
(02) 8737 5545 (Head Office)
(02) 8656-0654 (AMA QC)
(02) 8844 3225 (AMA Makati)